Nr. 1 Hits in den USA 1995 - Statistiken

Allgemein
  • Dieses Quiz wurde 21 mal gespielt
  • Das Durchschnittsergebnis liegt bei 7 aus 12
Antwortstatistiken
Wochen auf Platz 1 Lied Interpret % Korrekt
7 Wochen Waterfalls TLC
88%
4 Wochen Creep TLC
88%
3 Wochen Gangsta’s Paradise Coolio feat. L. V.
82%
1 Woche You Are Not Alone Michael Jackson
76%
1 Woche Kiss from a Rose Seal
76%
8 Wochen Fantasy Mariah Carey
59%
5 Wochen Have You Ever ReallyLoved a Woman? Bryan Adams
53%
7 Wochen Take a Bow Madonna
47%
16 Wochen One Sweet Day Mariah Carey & Boyz II Men
41%
6 Wochen On Bended Knee Boyz II Men
29%
1 Woche Exhale (Shoop Shoop) Whitney Houston
18%
7 Wochen This Is How We Do It Montell Jordan
6%
Keine übereinstimmenden Quizze gefunden
Verteilung der Resultate
Anzahl Personen mit jedem Resultat
Perzentil nach korrekt beantworteten Fragen
Ihre Resultats-Entwicklung
Sie haben dieses Quiz noch nicht gespielt